[Event "Jundiai op 4th"]
[Site "Jundiai"]
[Date "2023.07.23"]
[Round "4"]
[White "Torres, Joao Pedro Silva"]
[Black "Piffer, Uriel Engel"]
[Result "0-1"]
[WhiteElo "1803"]
[BlackElo "1800"]
[PlyCount "68"]
[EventDate "2023.07.21"]
[EventType "swiss"]
[EventRounds "5"]
[EventCountry "BRA"]
[SourceTitle "CBM 215 Extra"]
[Source "ChessBase"]
[SourceDate "2023.09.30"]
[SourceVersion "1"]
[SourceVersionDate "2023.09.30"]
[SourceQuality "1"]

1. d4 Nf6 2. Bf4 d5 3. e3 c5 4. Nf3 Qb6 5. Qc1 Bf5 6. Nbd2 e6 7. Be2 Nc6 8. c3 cxd4 9. Nxd4 Nxd4 10. exd4 Be7 11. 0-0 Rc8 12. Nf3 Ne4 13. a4 a5 14. Bb5+ Kf8 15. Ne5 Kg8 16. Bd7 Rc7 17. Be8 Nd6 18. Nd7 Qb3 19. Ra3 Qc4 20. Bxd6 Bxd6 21. Bxf7+ Kxf7 22. Ne5+ Bxe5 23. dxe5 Rhc8 24. Rd1 Qe4 25. f3 Qxe5 26. Re1 Qd6 27. Qg5 d4 28. g4 h6 29. Qh5+ Bg6 30. Qxa5 dxc3 31. Rxc3 Rxc3 32. bxc3 Qc5+ 33. Qxc5 Rxc5 34. Rb1 Bxb1 0-1